000 00684nam a2200193 i 4500
001 140383
003 ES-MaACL
005 20230906200052.0
007 t|
008 070214s1944 sp r ||||1| spa d
100 1 _aSegura Covarsí, Enrique.
_9105216
245 1 0 _aAportaciones al estudio del lenguaje de Torres Naharro /
_cpor Enrique Segura Covarsi.
260 _aBadajoz :
_b[s. n.],
_c1944 (
_fImp. Diputación Provincial)
300 _a43 p. ;
_c22 cm.
500 _aSeparata de: Revista del Centro de Estudios Extremeños.
600 0 4 _aTorres Naharro, Bartolomé de.
_9110993
710 2 _aCentro de Estudios Extremeños.
_92625
852 _aES-MaACL
_j1862-F-12
_bR.23753
999 _c140383
_d140383